000 00662nam a2200217Ia 4500
003 GCL
008 140319s9999 xx 000 0 ara d
040 _aGCL /
_cGCL
082 0 4 _a001.5
_bع ص
100 1 _aفاروق ابوزيد
245 1 0 _aصورة المعلم فى وسائل الاعلام /
_cفاروق ابوزيد
700 1 _aعاطف عدلى العبد
700 1 _aحامد زهران
300 _a332 ص
490 _aالهيئة العامة للاستعلامات
_v0
650 0 4 _aالاعلام
650 0 4 _aوسائل الاعلام
650 0 4 _aوسائل الاتصال
650 0 4 _aالمدرسون
942 _2ddc
_cBK
999 _c52103
_d52103